Catalog

Record Details

Catalog Search



Bratrský sborník : soubor prací přednesených na symposiu konaném 26. a 27. září 1967 Cover Image Book Book

Bratrský sborník : soubor prací přednesených na symposiu konaném 26. a 27. září 1967 uspořádal Rudolf Říčan ; spolupracoval Amedeo Molnár a Michal Flegl

Říčan, Rudolf (Author). Molnár, Amedeo (Added Author). Flegl, Michal (Added Author).

Record details

  • Physical Description: 220 s.
  • Edition: 1. vyd.
  • Publisher: Praha Komenského evangelická bohoslovecká fakulta 1967

Available copies

  • 1 of 1 copy available at Common Catalog SPOK.

Holds

  • 0 current holds with 1 total copy.
Show Only Available Copies
Location Call Number / Copy Notes Barcode Shelving Location Status Due Date
ETS Library 284.3 424470004201 Volný výběr Available -

LDR 00881nam a2 00265
00137284
003CZ-PrJAB
00520030724000000.0
008030724s1967 xr e |||| |cze
009cz
035 . ‡a(CONS)1053
035 . ‡aKPS3029
041 . ‡acze
08214. ‡a284.3
100 . ‡7457 ‡aŘíčan, Rudolf
245 . ‡aBratrský sborník : ‡bsoubor prací přednesených na symposiu konaném 26. a 27. září 1967 ‡cuspořádal Rudolf Říčan ; spolupracoval Amedeo Molnár a Michal Flegl
250 . ‡a1. vyd.
260 . ‡aPraha ‡bKomenského evangelická bohoslovecká fakulta ‡c1967
300 . ‡a220 s.
490 . ‡aSkripta Komenského evangelické bohoslovecké fakulty
653 . ‡aBratrský sborník
700 . ‡7458 ‡aMolnár, Amedeo
700 . ‡73476 ‡aFlegl, Michal
8524 . ‡bETS ‡bETS ‡cVolný výběr ‡j284.3 ‡gA ‡p424470004201
910 . ‡aABG450
999 . ‡a1053 ‡bAUTOGEN ‡c1053 ‡tbiblio
905 . ‡uadmin
901 . ‡a37284 ‡b ‡c37284 ‡tbiblio ‡sets

Additional Resources